| 000 | 00427nam a22001697a 4500 | ||
|---|---|---|---|
| 005 | 20180904143105.0 | ||
| 008 | 160531b xxu||||| |||| 00| 0 eng d | ||
| 020 | _a0-07-058756-6 | ||
| 041 | _aeng | ||
| 082 |
_b6415 _a658.4013 |
||
| 100 |
_aAnthony, Robert N & Govindarajan, Vijay _91600 |
||
| 245 | _aManagement Control Systems | ||
| 260 |
_bTMH _c2004 _adelhi |
||
| 300 | _a840p, | ||
| 650 |
_aManagement _9241 |
||
| 942 | _cBK | ||
| 999 |
_c2259 _d2258 |
||